Génesis y concepción del derecho real de superficie en el Código Civil y Comercial (Registro nro. 31760)
[ vista simple ]
| 000 -LEADER | |
|---|---|
| fixed length control field | 00372 a2200109 4500 |
| 001 - CONTROL NUMBER | |
| control field | ART_47322 |
| 005 - DATE AND TIME OF LATEST TRANSACTION | |
| control field | 20260410162006.0 |
| 008 - FIXED-LENGTH DATA ELEMENTS--GENERAL INFORMATION | |
| fixed length control field | 260409a |
| 100 1# - MAIN ENTRY--PERSONAL NAME | |
| Personal name | Humphreys, Ethel |
| 245 10 - TITLE STATEMENT | |
| Title | Génesis y concepción del derecho real de superficie en el Código Civil y Comercial |
| 773 0# - HOST ITEM ENTRY | |
| Title | Temas de derecho civil |
| Related parts | - Año 4, N° 8 (ago. 2018) |
| Record control number | REV34778 |
No hay ítems disponibles.